000 00600nam a22001337a 4500
040 _cRUA
082 _aAGR SEB 2021 B1-570 Or.
100 _aSEB SOSAKARA ស៊ឹប សូស័ក្ករ៉ា
245 _aPOSSIBILITY OF CULTIVATING BOENG TOMPUN WATER CONVOL VULUS ON THE MAINLAND លទ្ធភាពដាំដុះពូជត្រកួនបឹងទំពុនមកដាំលើដីគោក
260 _aPHNOM PENH
_bRUA
_c2021
300 _aIX. 30P
_bVII.
_c29CM
856 _uhttps://drive.google.com/file/d/1LZcBUIMiICSj5u2pnmjQyS2y5T5liEM9/view?usp=sharing
942 _cAGR
999 _c22763
_d22763